Disney Princes et Princesses - Statistiques

Statistiques générales
  • Ce quiz a été pris 111 fois
  • Le résultat moyen est 14 sur 25
Statistiques - réponses
Hint Réponse % Correct
Cendrillon
92%
Princesses Blanche neige
91%
Aurore
87%
Belle
87%
Raiponce
85%
Ariel
82%
Elsa
78%
Mulan
75%
Tiana
74%
Eric
71%
Jasmine
70%
Pocahontas
69%
Merida
65%
Vaiana
58%
Aladdin
54%
Philippe
52%
Naveen
37%
Charmant
31%
Flynn Rider
31%
Raya
31%
John Smith
25%
Kristoff
24%
Adam
22%
Princes Florian
22%
Li shang
16%
Aucun quiz correspondant
Distribution des résultats
% des personnes avec chaque résultat
Percentile par nombre de réponses
Votre historique - résultats
Vous n’avez pas pris ce quiz